000 00545nam a2200181 a 4500
005 20140310183156.0
008 021111s19uu xx 00 eng d
020 _a9717070598
050 _aRA 971
_b.P953 1998
100 _aMercado, Remigio D.
245 _aA primer on hospital administration /
_cRemigio D. Mercado.
260 _aMandaluyong City, Philippines :
_bAcademic Publishing Corporation,
_c1998.
300 _a162 p. :
_c23 cm.
521 _aNUR
650 _aHospital
_xadministration
942 _cBK
_2lcc
_kLOC
999 _c19768
_d19768